[Event "4th GRENKE Chess Classic 2017"]
[Site "Baden-Baden"]
[Date "2017.04.21"]
[Round "6"]
[White "Aronian, Levon"]
[Black "Hou, Yifan"]
[Result "1-0"]
[WhiteElo "2774"]
[BlackElo "2649"]
[Annotator "TA"]
[PlyCount "83"]
[EventDate "2017.??.??"]
[EventCountry "GER"]
[SourceTitle "playchess.com"]
[Source "ChessBase"]
[SourceQuality "1"]

{[%evp 11,83,33,37,0,31,23,34,-12,-3,-31,48,48,53,58,51,51,53,57,55,54,56,54,62,25,16,23,16,18,14,23,28,9,34,22,26,19,17,10,13,5,44,54,47,55,49,51,67,68,82,80,140,139,139,139,139,139,139,130,139,129,136,136,146,142,144,144,185,193,427,420,427,397,381,375]} 1. d4 Nf6 2. c4 e6 3. Nf3 d5 4. Nc3 Nbd7 5. Qc2 dxc4 6. e4 {D37: Queen's Gambit Declined: 5 Bf4} c5 {LiveBook: 13 Games} 7. Bxc4 (7. dxc5 Bxc5 8. Bxc4 Qc7 9. O-O a6 10. Bb3 b5 11. Qe2 b4 12. Na4 Bb7 13. e5 Nd5 14. Nxc5 Nxc5 {½-½ (32) Topalov,V (2760)-Anand,V (2779) Saint Louis 2016}) 7... a6 8. d5 $146 {White is slightly better.} (8. Be2 cxd4 9. Nxd4 Qc7 10. a4 b6 11. Be3 Bb7 12. f3 Rc8 13. Rc1 Bc5 14. Qd2 {0-1 (43) Juarez Flores,R (2207)-Perunovic,M (2575) Mallorca 2004}) 8... Nb6 9. Be2 exd5 10. e5 Ne4 (10... Ng8 $1 $15) 11. Nxe4 $14 dxe4 12. Qxe4 Qd5 13. Qf4 Be7 14. O-O O-O 15. Rd1 Qe6 16. Ng5 Qf5 17. Bf3 Qxf4 18. Bxf4 Nc4 19. b3 Bxg5 $1 20. Bxg5 Nxe5 21. Be4 Re8 22. f3 h6 23. Bh4 c4 24. bxc4 Nxc4 25. Rac1 Be6 26. Bxb7 Ra7 27. Be4 a5 28. Rd4 $36 {[%mdl 2048] White has some pressure.} Ne5 29. Bg3 f6 30. a3 Rd7 ({Black should play} 30... Bb3) 31. Bxe5 $16 fxe5 32. Rxd7 Bxd7 {[%mdl 4096] Endgame KRB-KRB} 33. Rc7 Bb5 34. Rc5 Rb8 35. Rxe5 a4 36. h4 Kf7 37. Rc5 Be8 38. Bc2 Rb2 {[#]} 39. Rc4 $1 Ra2 $2 (39... Bb5 {was worth a try.} 40. Rf4+ Ke7) 40. Bxa4 $18 Ra1+ 41. Kh2 Bxa4 42. Rxa4 1-0

[Event "4th GRENKE Chess Classic 2017"]
[Site "Baden-Baden"]
[Date "2017.04.21"]
[Round "6"]
[White "Naiditsch, Arkadij"]
[Black "Carlsen, Magnus"]
[Result "1/2-1/2"]
[WhiteElo "2702"]
[BlackElo "2838"]
[Annotator "TA"]
[PlyCount "83"]
[EventDate "2017.??.??"]
[EventCountry "GER"]
[SourceTitle "playchess.com"]
[Source "ChessBase"]
[SourceQuality "1"]

{[%evp 9,83,-10,0,-10,-7,-14,0,0,0,0,0,0,0,0,0,-25,-5,-8,-8,-19,-16,-16,0,0,0,0,-9,-10,8,0,8,6,6,10,31,41,35,50,38,29,37,0,0,0,0,0,0,0,0,0,0,0,0,0,47,49,33,43,49,-8,-8,-8,-8,-8,-8,-8,-8,-8,-8,-8,-8,-8,-8,-8,-8,-8]} 1. d4 Nf6 2. Bf4 g6 3. Nc3 d5 {A45: Trompowsky Attack} 4. e3 Bg7 5. h4 h5 {LiveBook: 6 Games} 6. Be2 (6. Nf3 Bg4 7. Be2 c6 8. Ne5 Bxe2 9. Qxe2 Nbd7 10. O-O-O Nxe5 11. Bxe5 {1-0 (49) Karjakin,S (2785)-Li,C (2720) Doha 2016}) 6... O-O 7. Nf3 c5 8. dxc5 $146 (8. Ne5 cxd4 9. exd4 Nc6 10. O-O Bf5 11. Nxc6 bxc6 {0-1 (40) Kalajzic,I (2184)-Cebalo,M (2409) Zagreb 2016}) 8... Qa5 9. O-O Qxc5 10. Nb5 a6 11. Nc7 Ra7 12. Nb5 (12. a3 $5 {seems wilder.} Nbd7 13. b4 Qc6 14. Nd4 Qb6 15. Nf3) 12... axb5 13. Bxb8 Ra8 14. Be5 b4 15. Bd4 Qa5 16. c3 Bg4 17. Qb3 $36 {[%mdl 2048] Black is under pressure.} bxc3 18. Bxc3 Qc7 19. Rac1 {[#] aiming for Bxf6.} Qd8 20. Rfd1 e6 21. Bb4 Re8 22. Bb5 Nd7 23. e4 Bxf3 24. Qxf3 Ne5 25. Qh3 (25. Qb3 $5 {feels hotter.} Nc6 26. g3 d4 27. Bxc6 bxc6 28. Rxc6 Qd7 29. Qc2) 25... Nc6 26. exd5 exd5 ({Don't go for} 26... Nxb4 $2 27. dxe6 Rxe6 28. Rxd8+ Rxd8 29. Qf3 $18) 27. Rxc6 bxc6 28. Bxc6 Rxa2 29. Bxd5 Kh7 30. Qf3 Rxb2 31. Bxf7 Rxb4 (31... Qxh4 $5 {is more complex.} 32. Bxe8 Rxb4 33. g3 Qf6 34. Qxf6 Bxf6 35. Rd7+ Kh6) 32. Rxd8 Rxd8 33. g3 {Black must now prevent Qc6.} Rb6 34. Bxg6+ (34. Bc4 $14) 34... Rxg6 {The position is equal.} 35. Qxh5+ Rh6 36. Qf5+ Kh8 37. Kg2 Rf6 38. Qh5+ Kg8 39. Qe2 Rdf8 40. Qc2 Rxf2+ 41. Qxf2 Rxf2+ 42. Kxf2 1/2-1/2

[Event "4th GRENKE Chess Classic 2017"]
[Site "Baden-Baden"]
[Date "2017.04.21"]
[Round "6"]
[White "Bluebaum, Matthias"]
[Black "Caruana, Fabiano"]
[Result "1/2-1/2"]
[WhiteElo "2634"]
[BlackElo "2817"]
[Annotator "TA"]
[PlyCount "158"]
[EventDate "2017.??.??"]
[EventCountry "GER"]
[SourceTitle "playchess.com"]
[Source "ChessBase"]
[SourceQuality "1"]

{[%evp 15,157,14,12,14,19,14,20,11,14,11,11,0,0,0,0,-19,-19,-19,-12,-15,-13,-14,-13,-16,-13,-18,-16,-31,-31,-31,-31,-22,-23,-31,-33,-20,-29,-26,-29,-31,-8,-8,-10,-16,-13,-13,-8,-8,-15,-77,-77,-74,-75,-75,-75,-75,-75,-74,-74,-74,-74,-98,-99,-107,-63,-63,-62,-73,-73,-73,-54,-53,-54,-53,-53,-53,-54,-54,-54,-54,-18,-18,-18,-18,-18,-18,-18,-18,-18,-20,-18,-18,-26,-22,-34,-59,-59,-59,-59,-59,-59,-59,-59,-59,-59,-59,-59,-59,-59,-59,-59,-59,-59,-59,-59,-59,-59,-59,-59,-59,-59,-59,-59,-59,-59,-59,-59,-59,-59,-59,-59,-66,-66,-73,-59,-66,-59,-59,0,0,0,0,0,0]} 1. d4 d5 2. c4 dxc4 3. e3 Nf6 4. Bxc4 e6 5. Nf3 c5 6. O-O a6 7. b3 b6 {D27: Queen's Gambit Accepted: Classical main line: 7 e4!? and 7 a4} 8. Bb2 Bb7 {LiveBook: 13 Games} 9. dxc5 {Qxd8+ is the strong threat.} Bxc5 $146 (9... Qxd1 10. Rxd1 Bxc5 11. Be2 Nbd7 12. Nbd2 O-O 13. Nc4 Rfd8 14. Rac1 b5 15. Nce5 Rac8 16. Kf1 h6 17. Nxd7 Rxd7 18. Ne5 Rdc7 19. Bf3 Ne4 20. Bxe4 Bxe4 21. f3 {½-½ (67) Tomashevsky,E (2714)-Karjakin,S (2770) Sochi 2014}) 10. Qxd8+ Kxd8 11. Ne5 Ke7 12. Be2 Nbd7 13. Nxd7 Nxd7 14. Nd2 Rhd8 15. Bf3 Bxf3 16. Nxf3 f6 17. Rfd1 e5 18. Kf1 a5 19. Nd2 a4 20. Ne4 Ke6 21. bxa4 Rxa4 22. Nc3 Rc4 23. Nb5 Rc8 {White must now prevent ...Rb4.} 24. Ba3 Bxa3 25. Nxa3 Rb4 26. Rab1 Rxb1 27. Rxb1 $11 {[%mdl 4096] Endgame KRN-KRN} Ra8 28. Nc4 $1 Rxa2 29. Nxb6 Nc5 30. Rd1 Rc2 31. f3 e4 32. fxe4 (32. h4 $11) 32... Nxe4 $17 33. Nd5 {[#]} g5 $1 34. Nb4 Rf2+ 35. Kg1 Re2 36. Nc6 Rxe3 37. Nd4+ Ke5 38. Nf3+ Kf5 39. Rf1 Nc3 40. h4 Kg4 41. Nh2+ Kxh4 {Threatens to win with ...Ne4.} 42. Rxf6 Re1+ (42... h5 $5 {with more complications.} 43. Nf1 Rd3 44. Re6 Kg4 45. Re8 Kf5) 43. Nf1 h5 {[%cal Bh7h5,Bh5h4,Bh4h3][%mdl 32] Strongly threatening ...Ne4.} 44. Kh2 Kg4 45. Rf3 {Threatening Ne3+.} Nd1 46. Rf6 h4 47. Rf8 Kh5 {aiming for ...Re2.} 48. g3 Re2+ 49. Kg1 h3 50. Rh8+ Kg4 51. Nh2+ Kxg3 52. Nf1+ Kg4 {( -> ...Rg2+)} 53. Nh2+ Kf4 {And now ...Rg2+ would win.} 54. Rxh3 g4 {[#]} 55. Nxg4 $1 {[%mdl 512]} Kxg4 $15 {KRN-KR} 56. Rh8 Nf2 57. Kf1 Rc2 58. Ke1 Kf3 59. Rf8+ Ke3 {[%cal Rc2c1]} 60. Re8+ Ne4 {[%cal Rc2c1]} 61. Kd1 Rh2 62. Kc1 Kd4 63. Rd8+ Kc4 64. Rc8+ Nc5 65. Kd1 Rg2 66. Ke1 Kd4 67. Rd8+ Ke3 {[%cal Rg2g1]} 68. Re8+ Ne4 {[%cal Rg2g1]} 69. Kd1 Rg6 (69... Kd4 $5 {creates asymmetry.} 70. Rd8+ Ke5 71. Kc1 Nd6 72. Rh8 Rg3) 70. Kc2 Rc6+ 71. Kb3 Kd3 72. Rd8+ Nd6 73. Rh8 Rb6+ 74. Ka4 Nc4 75. Rh3+ Kd4 76. Rh4+ Kd5 ({Black should try} 76... Kc3 $1 $15 77. Rh3+ Kd4) 77. Rd4+ $1 $11 {The position is equal.} Kc5 {[%csl Gc5][%cal Rb6b4]} 78. Rd5+ $1 Kc6 79. Rc5+ $1 Kxc5 $2 {[%mdl 8192]} (79... Kd6) 1/2-1/2

[Event "4th GRENKE Chess Classic 2017"]
[Site "Baden-Baden"]
[Date "2017.04.22"]
[Round "7"]
[White "Carlsen, Magnus"]
[Black "Vachier-Lagrave, Maxime"]
[Result "1/2-1/2"]
[WhiteElo "2838"]
[BlackElo "2803"]
[Annotator "TA"]
[PlyCount "118"]
[EventDate "2017.??.??"]
[EventCountry "GER"]
[SourceTitle "playchess.com"]
[Source "ChessBase"]
[SourceQuality "1"]

{[%evp 24,118,1,0,8,7,34,22,38,33,37,52,44,28,24,23,90,88,90,83,66,15,51,44,44,38,40,35,43,25,81,97,80,52,46,11,10,10,11,10,6,13,18,12,14,0,0,0,6,0,0,0,0,0,0,0,0,0,0,0,15,15,15,15,15,14,15,15,15,15,15,15,15,15,15,15,15,15,15,0,0,0,0,0,0,0,0,0,0,0,0,0,0,0,0,0,0]} 1. e4 c5 2. Nf3 d6 3. d4 cxd4 4. Nxd4 Nf6 5. Nc3 a6 6. Be2 e5 7. Nb3 Be7 8. Be3 Be6 9. Qd3 Nbd7 10. Nd5 O-O 11. O-O Bxd5 12. exd5 Ne8 {B92: Sicilian Najdorf: 6 Be2} (12... Rc8 13. c4 Ne8 14. Qd2 b6 15. Rac1 a5 16. Na1 g6 17. b4 Ng7 18. bxa5 bxa5 19. Bd3 Nc5 20. Bc2 a4 21. Rb1 {0-1 (66) Carlsen,M (2853)-Grischuk,A (2771) Saint Louis 2015}) 13. a4 {LiveBook: 3 Games} Bg5 14. a5 Bxe3 15. Qxe3 Nef6 $146 (15... Rc8 16. c4 g6 17. Nd2 Ng7 18. Qa3 Qe7 19. Rad1 Rfe8 20. Rfe1 {½-½ (40) Koch,H (2087)-Geissler,W (2121) GER email 2012}) 16. c4 Rb8 17. Rfb1 Qc7 18. Nd2 b6 19. Nb3 Nc5 (19... Qd8 $11) 20. axb6 $16 Rxb6 21. Nxc5 dxc5 22. b4 (22. Bd1 $14) 22... Rfb8 23. Rd1 Rxb4 24. Rxa6 Rb3 25. Qg5 {[#] Threatens to win with Rxf6.} h6 26. Qf5 Qc8 (26... R3b6 $1 $11 27. d6 Qd8 28. Rxb6 Qxb6) 27. Qxc8+ Rxc8 28. Rc6 Rbb8 29. Bd3 e4 $1 {The position is equal.} 30. Bc2 Rxc6 31. dxc6 $11 {[%mdl 4096] Endgame KRB-KRN} Rc8 32. Ba4 Kf8 33. Bb5 Ke7 34. Ra1 Ng4 35. Ra7+ Ke6 36. f3 exf3 37. gxf3 Ne5 38. f4 Nf3+ 39. Kf2 Nd4 ({Much weaker is} 39... Nxh2 $6 {[#]} 40. f5+ $1 {[%mdl 512]} Kxf5 41. c7 $16 (41. Rxf7+ Ke6 42. Rxg7 h5 $14)) 40. Ke3 g6 41. Ke4 Nxc6 (41... h5 $5 {is interesting.} 42. Ke3 Kf6 43. Ke4 Ke6) 42. Ra6 f5+ $1 43. Kf3 Kd6 44. h4 h5 $1 45. Ke3 Rc7 46. Kd2 Rc8 47. Kc3 Rc7 48. Kb3 Rc8 49. Ka4 Rc7 50. Rb6 Rc8 51. Ba6 Rb8 $1 {[%cal Rb8b6]} 52. Bb7 Ke7 53. Rxc6 Rxb7 54. Rxc5 {KR-KR} Rb1 55. Rd5 Rh1 56. c5 {Strongly threatening c6.} Rxh4 57. c6 Rxf4+ 58. Kb3 $1 {c7 is the strong threat.} Rf1 (58... Rf3+ $5 59. Kb2 $8 Rf4 $11) 59. Kb2 {aiming for c7.} Rf2+ 1/2-1/2

[Event "4th GRENKE Chess Classic 2017"]
[Site "Baden-Baden"]
[Date "2017.04.22"]
[Round "7"]
[White "Caruana, Fabiano"]
[Black "Aronian, Levon"]
[Result "1/2-1/2"]
[WhiteElo "2817"]
[BlackElo "2774"]
[Annotator "TA"]
[PlyCount "121"]
[EventDate "2017.??.??"]
[EventCountry "GER"]
[SourceTitle "playchess.com"]
[Source "ChessBase"]
[SourceQuality "1"]

{[%evp 11,121,12,20,15,16,22,27,33,30,31,48,29,42,40,49,30,25,23,28,27,27,20,24,25,22,22,25,28,14,-11,0,-22,-20,-101,-88,-216,-222,-222,-217,-202,-211,-200,-210,-263,-262,-366,-215,-335,-317,-386,-433,-412,-435,-399,-383,-381,-331,-326,-312,-394,-438,-411,-413,-441,-387,-432,-432,-454,-451,-439,-425,-386,-379,-360,22,22,22,22,22,22,22,22,22,22,22,22,22,22,22,22,24,27,27,8,27,27,54,0,0,0,0,0,0,0,18,0,0,0,0,0,0,0]} 1. e4 e5 2. Nf3 Nc6 3. Bc4 Bc5 4. d3 Nf6 5. O-O O-O 6. a4 {C50: Hungarian Defence and Giuoco Pianissimo} a5 {LiveBook: 6 Games} 7. Bg5 $146 (7. c3 d5 8. exd5 Nxd5 9. Nbd2 Nb6 10. Bb5 Bd6 11. Re1 Bg4 12. h3 Bh5 13. Bxc6 bxc6 {½-½ (80) Nepomniachtchi,I (2767)-Aronian,L (2785) Doha 2016}) 7... h6 8. Bh4 Be7 9. Bg3 d6 10. h3 Nd7 11. Nc3 Nb6 12. Bb3 Kh8 13. d4 Nxd4 14. Nxd4 exd4 15. Qxd4 Bf6 16. e5 dxe5 17. Qxd8 Rxd8 18. Rfe1 Be6 19. Bxe6 fxe6 20. Ne4 Kg8 21. Nc5 Rd5 22. Nxe6 {[#]} (22. Nd3 $11) 22... Rc8 $1 $17 23. b3 {[#]} (23. Rad1 $17 {was called for.}) 23... c5 $1 $19 24. c4 Rd6 25. Nxg7 Kxg7 ({Resist} 25... Bxg7 26. Bxe5 Rd3 27. Rab1 $17) 26. Bxe5 Rd3 27. Bxf6+ Kxf6 28. Re4 Rc7 (28... Rxb3 $142 29. Rae1 Rc6 30. Rf4+ Kg6) 29. Rae1 (29. Rf4+ {was worth a try.} Kg5 30. Rg4+ Kf5 31. Rb1) 29... Rxb3 30. Rf4+ Kg7 31. Re6 Nxa4 32. Rg4+ Kf8 33. Rxh6 {Hoping for Rh8+.} Rf7 34. Rh8+ Ke7 35. h4 Nc3 36. h5 a4 {...a3 is the strong threat.} 37. h6 {intending h7.} a3 38. h7 a2 39. Re8+ Kxe8 40. h8=Q+ Kd7 41. Kh2 a1=Q 42. Rg8 Qa5 $2 ({Black should try} 42... Qe1 $19 43. Qh3+ Qe6 44. Rd8+ Kxd8 45. Qxe6 Rh7+ 46. Kg3 Nd5+ 47. Kg4 Rg7+ 48. Kh4 Ne7) 43. Qh3+ $11 Kc7 {Threatens to win with ...Rd7.} 44. Qg3+ Kd7 {aiming for ...Rh7+.} 45. Qd3+ Ke7 {And now ...Qc7+ would win.} 46. Qe3+ Kd6 {Strongly threatening ...Rh7+.} 47. Rg6+ Kc7 48. Qe5+ Kc8 49. Rg8+ {[#]} Qd8 $1 {( -> ...Rh7+)} 50. Qxc5+ (50. Rxd8+ Kxd8) 50... Rc7 51. Rxd8+ Kxd8 52. Qf8+ Kd7 53. g4 Rb2 54. Qf3 ({Better is} 54. Qg7+ $14 Kc8 55. Qh8+ (55. Qxc3 Rxf2+ 56. Kg3 Rf8 $16) 55... Kd7 56. Qg7+ (56. Qxc3 Rxf2+ 57. Kg3 Rf7 58. Qd4+ Ke6 $16) 56... Kc8 57. Qh8+ (57. Qxc3 Rxf2+ 58. Kg3 Rf8 $16) 57... Kd7 58. Qg7+ (58. Qxc3 Rxf2+ 59. Kg3 Rf7 60. Qd4+ Ke8 $16)) 54... Ke8 {The position is equal.} 55. Qxc3 (55. g5 $5 {feels hotter.} Re7 56. Qxc3 Rxf2+ 57. Kg3 Rfe2 58. Kg4) 55... Rxf2+ {[%mdl 4096] Endgame KQ-KRR} 56. Kg3 Rff7 57. g5 {Black must now prevent g6.} Rg7 58. Kg4 Kf8 59. Qf6+ Kg8 60. g6 Rxg6+ $1 61. Qxg6+ 1/2-1/2

[Event "4th GRENKE Chess Classic 2017"]
[Site "Baden-Baden"]
[Date "2017.04.22"]
[Round "7"]
[White "Hou, Yifan"]
[Black "Naiditsch, Arkadij"]
[Result "1/2-1/2"]
[WhiteElo "2649"]
[BlackElo "2702"]
[Annotator "TA"]
[PlyCount "109"]
[EventDate "2017.??.??"]
[EventCountry "GER"]
[SourceTitle "playchess.com"]
[Source "ChessBase"]
[SourceQuality "1"]

{[%evp 16,109,18,19,22,16,10,8,19,12,19,13,18,21,39,43,43,11,17,0,0,0,18,18,11,1,2,15,81,81,81,81,81,81,81,81,82,83,96,84,108,37,91,16,27,10,20,8,28,0,3,11,16,16,16,16,16,16,18,8,8,8,16,16,16,17,17,10,17,17,17,14,14,0,0,0,0,0,0,0,0,0,0,0,0,0,0,0,8,8,8,8,9,0,0,0]} 1. e4 e6 2. d4 d5 3. Nc3 Nf6 4. e5 Nfd7 5. f4 c5 6. Nf3 a6 7. Be3 Qb6 8. Rb1 Nc6 {C11: French: Classical System: 4 e5 and 4 Bg5 dxe4} 9. Qd2 {LiveBook: 12 Games} Qc7 (9... Qa7 10. Ne2 b5 11. c3 Nb6 12. b3 c4 13. g4 cxb3 14. axb3 b4 15. Bg2 a5 16. O-O Ba6 17. Rfc1 bxc3 18. Nxc3 h5 19. h3 hxg4 20. hxg4 Nb4 21. Ne1 Qe7 22. Bf2 Qd8 {½-½ (22) Alekseev,E (2632)-Fridman,D (2594) Tallinn 2017}) 10. Be2 cxd4 11. Nxd4 Bc5 12. O-O Nxd4 13. Bxd4 Bxd4+ 14. Qxd4 Qc5 15. Qxc5 Nxc5 16. Kf2 $146 (16. Bf3) 16... Bd7 17. Bd3 Ke7 18. Ke3 Bb5 19. Bxb5 axb5 20. a3 Ra5 21. Rf3 Rc8 (21... Rha8 $11) 22. b4 $1 $36 {[%cal Rb4a5][%mdl 2048] Black is under strong pressure.} Rxa3 23. Kd4 {[#]} Ra4 $1 {[%mdl 512]} 24. Nxa4 Nxa4 {[%mdl 4096] Endgame KRR-KRN} 25. Kd3 g6 26. Kd2 h5 27. g3 Rc4 {[#]} 28. h3 (28. c3 $1 $16) 28... Kd7 {[#]} (28... Rd4+ $14 29. Rd3 Rc4) 29. g4 ({White should try} 29. c3 $1 $16) 29... Rd4+ 30. Kc1 hxg4 31. hxg4 Kc6 32. Rbb3 Re4 {The position is equal.} 33. Rf1 g5 34. fxg5 Rxg4 35. Rxf7 Rxg5 36. Rh3 {White wants to play Rh6.} Rxe5 37. Rhh7 {And now Rc7+ would win.} Re4 38. c3 Kd6 39. Rd7+ Ke5 40. Rh5+ Kf6 41. Rh6+ Kf5 42. Rh3 b6 43. Rf7+ Ke5 44. Rf2 Rc4 45. Re2+ Kd6 46. Kd2 d4 {[%cal Ra4c3]} 47. cxd4 Rxb4 48. Rh4 Rb2+ 49. Kd3 Rb3+ 50. Kc2 Rc3+ (50... Rb2+ $5 51. Kd3 $8 Rb3+ 52. Kc2 Rb2+ 53. Kd3 $11) 51. Kd2 Rc6 52. Rh6 Kd5 53. Re5+ Kxd4 54. Rhxe6 Rxe6 55. Rxe6 1/2-1/2

[Event "4th GRENKE Chess Classic 2017"]
[Site "Baden-Baden"]
[Date "2017.04.22"]
[Round "7"]
[White "Meier, Georg"]
[Black "Bluebaum, Matthias"]
[Result "1/2-1/2"]
[WhiteElo "2621"]
[BlackElo "2634"]
[Annotator "TA"]
[PlyCount "62"]
[EventDate "2017.??.??"]
[EventCountry "GER"]
[SourceTitle "playchess.com"]
[Source "ChessBase"]
[SourceQuality "1"]

{[%evp 12,62,19,12,22,17,37,28,27,29,33,29,25,12,24,16,10,4,34,34,34,25,29,25,27,38,39,35,29,29,41,0,0,-7,-13,-50,-15,-13,0,0,0,0,0,0,0,0,0,0,0,0,0,0,0]} 1. e4 c6 2. d4 d5 3. exd5 cxd5 4. c4 Nf6 5. Nc3 Nc6 6. Nf3 Bg4 7. Bg5 {LiveBook: 10 Games. B13: Caro-Kann: Exchange Variation and Panov-Botvinnik Attack} (7. cxd5 Nxd5 8. Qb3 Bxf3 9. gxf3 e6 10. Qxb7 Nxd4 11. Bb5+ Nxb5 12. Qc6+ Ke7 13. Qc5+ Ke8 14. Qxb5+ Qd7 15. Nxd5 exd5 16. Qb3 Bd6 17. O-O Rb8 18. Qe3+ Kf8 19. Rd1 Qh3 {0-1 (19) Riazantsev,A (2671)-Jakovenko,D (2709) Sharjah 2017}) 7... Bxf3 8. gxf3 e6 $146 (8... dxc4 9. d5 Ne5 10. f4 Nd3+ 11. Bxd3 cxd3 12. Qxd3 g6 13. d6 Bg7 14. Qb5+ Kf8 {1-0 (94) Li,R (2408)-Balakrishnan,P (2125) Philadelphia 2015}) 9. cxd5 {White is slightly better.} exd5 10. Qe2+ Qe7 11. O-O-O O-O-O 12. Qc2 {[#] Nb5 is the strong threat.} Kb8 $1 13. Kb1 Qd7 14. a3 Be7 15. h4 Nh5 16. Bh3 Qc7 $1 17. Bg4 Bxg5 18. hxg5 Nf4 19. Rxh7 Rxh7 20. Qxh7 g6 {[#] Strongly threatening ...f5.} 21. Qg7 Qe7 22. Rh1 a6 23. Ka2 Ka7 24. Rh7 {The position is equal.} Ne2 25. Nxe2 ({Don't capture} 25. Qxf7 $2 Nxc3+ 26. Kb3 (26. bxc3 $2 Qe2+ 27. Kb1 Qd1+ 28. Kb2 Na5 29. Qxb7+ Nxb7 $19) 26... Qxf7 27. Rxf7 Nd1 $19) 25... Qxe2 26. Qxf7 {[%csl Gh7][%cal Rf7b7]} Qc4+ 27. Kb1 {[%csl Gh7][%cal Rf7b7]} Qd3+ (27... Qf1+ $5 28. Ka2 $8 Qc4+ 29. Kb1 Qf1+ 30. Ka2 Qc4+ $11) 28. Ka2 {[%csl Gh7][%cal Rf7b7]} Qc4+ 29. Kb1 {[%csl Gh7][%cal Rf7b7]} Qd3+ (29... Qf1+ $5 30. Ka2 $8 Qc4+ $11) 30. Ka2 {[%csl Gh7][%cal Rf7b7]} Qc4+ 31. Kb1 {[%csl Gh7][%cal Rf7b7]} Qd3+ (31... Qf1+ $5 32. Ka2 $8 Qc4+ $11) 1/2-1/2